Материалы для флоры Кавказа. Вып. 3-6: Primulaceae, Plumbaginaceae, Ebenaceae, Styraceae, Oleaceae, Gentianaceae (Запись № 5766890)

Подробности
000 -МАРКЕР
контрольное поле 01971nam2a22002891 4500
001 - ИДЕНТИФИКАТОР ЗАПИСИ
контрольное поле v19\rc\1727037
005 - ИДЕНТИФИКАТОР ВЕРСИИ
контрольное поле 20260406100420.0
035 ## - ДРУГИЕ СИСТЕМНЫЕ НОМЕРА
Идентификатор записи (NLR Aleph) 005247254
100 ## - ДАННЫЕ ОБЩЕЙ ОБРАБОТКИ
Данные общей обработки 20061002d1902 |||y0rusy50 ca
101 0# - ЯЗЫК РЕСУРСА
Язык текста, звукозаписи и т.д. русский
102 ## - СТРАНА ПУБЛИКАЦИИ ИЛИ ПРОИЗВОДСТВА
Страна публикации Российская Федерация
105 ## - ПОЛЕ КОДИРОВАННЫХ ДАННЫХ: ТЕКСТОВЫЕ МАТЕРИАЛЫ, МОНОГРАФИЧЕСКИЕ
Кодированные данные о монографическом текстовом документе y z |||||
200 1# - ЗАГЛАВИЕ И СВЕДЕНИЯ ОБ ОТВЕТСТВЕННОСТИ
Основное заглавие Primulaceae, Plumbaginaceae, Ebenaceae, Styraceae, Oleaceae, Gentianaceae
Сведения, относящиеся к заглавию [1-й вып. IV ч. (л. 9-17)]
Первые сведения об ответственности Обраб. Н. Кузнецов
210 ## - ПУБЛИКАЦИЯ, РАСПРОСТРАНЕНИЕ И ДР.
Дата издания, распространения и т.д. 1902
Место издания, распространения и т.д. Б. м.
215 ## - ФИЗИЧЕСКАЯ ХАРАКТЕРИСТИКА
Специфическое обозначение материала и объем [4], 129-272, 33-208 с.
225 1# - СЕРИЯ
Основное заглавие серии Труды Санкт-Петербургского общества естествоиспытателей
Наименование части Отделение ботаники/Под ред. И. Бородина
Обозначение тома Т. 32, вып. 3
423 #0 - ИЗДАЕТСЯ В ОДНОЙ ОБЛОЖКЕ ВМЕСТЕ С ...
Встроенное поле 1010#$arus
-- 2001#$aRanunculaceae, Berberidaceae$e[3-й вып. III-й ч. (л. 3-13)]$fОбраб. Н. Буш
-- 700#1$aБуш$bН.А.$f1869-1941$gНиколай Адольфович
Заглавие Ranunculaceae, Berberidaceae
Автор Буш, Николай Адольфович (1869-1941)
461 #0 - УРОВЕНЬ НАБОРА
Встроенное поле 001v19\rc\1727035
-- 2001#$aМатериалы для флоры Кавказа$eКрит. сист.-геогр. исслед.$e[В 4 ч.]. Вып. 1-12, 14-15, 17$fН. Кузнецов, Н. Буш, А. Фомин$vВып. 3-6
Системный номер (АБИС) связанной записи 5766872
Автор Кузнецов, Н. И. (геоботаник ; 1864-1932)
Место публикации Юрьев
Дата публикации 1901-1908
Первые сведения об ответственности Н. Кузнецов, Н. Буш, А. Фомин
Имя издателя, распространителя и т.д. тип. К. Маттисена
Сведения, относящиеся к заглавию Крит. сист.-геогр. исслед. : [В 4 ч.]. Вып. 1-12, 14-15, 17
Физическая характеристика 4 т.
Заглавие Материалы для флоры Кавказа
Номер тома Вып. 3-6
700 #1 - ИМЯ ЛИЦА - ПЕРВИЧНАЯ ОТВЕТСТВЕННОСТЬ
Графика поля Кириллица
Материалы, к которым относится поле rus
Начальный элемент ввода Кузнецов
Часть имени, кроме начального элемента ввода Н. И.
Дополнения к именам, кроме дат геоботаник
Даты 1864-1932
Расширение инициалов личного имени Николай Иванович
Системный номер авторитетной/нормативной записи 59458
Идентификатор авторитетной/нормативной записи RU\NLR\AUTH\7776530
801 #2 - ИСТОЧНИК ЗАПИСИ
Страна Российская Федерация
Организация NLR
Дата составления 20090519
Источник данных rusmarc
801 #0 - ИСТОЧНИК ЗАПИСИ
Страна Российская Федерация
Организация NLR
Дата составления 20061002
Правила каталогизации psbo
801 #0 - ИСТОЧНИК ЗАПИСИ
Страна Российская Федерация
Организация RuMoRGB
Дата составления 20061002
Источник данных psbo
801 #1 - ИСТОЧНИК ЗАПИСИ
Страна Российская Федерация
Организация ProSoft-M
Дата составления 20061002
Источник данных rusmarc
852 ## - МЕСТОНАХОЖДЕНИЕ И ШИФР ХРАНЕНИЯ
Идентификатор организации NLR
Шифр хранения (Call Number) П7/536
942 ## - ДОПОЛНИТЕЛЬНЫЕ ЭЛЕМЕНТЫ ЗАПИСИ (АБИС)
Тип экземпляра АБИС Книга
980 ## - КОЛЛЕКЦИЯ
Название коллекции Национальная библиография
Экземпляры
Тип экземпляра Дата поступления Библиотека постоянного хранения Библиотека текущего хранения Место хранения Шифр хранения Штрих-код Статус экземпляра
Книга 26.10.2013 РНБ (Московский) РНБ (Московский) Русский журнальный фонд П7/536 5247254-10